| 000 | 00000nam 2200000zi 4500 |
| 001 | 9.947234 |
| 003 | CaOODSP |
| 005 | 20250324131008 |
| 006 | m o d f |
| 007 | cr |n||||||||| |
| 008 | 250122t19751975onc o f000 0 fre d |
| 040 | |aCaOODSP|bfre|erda|cCaOODSP |
| 043 | |an-cn--- |
| 086 | 1 |aF2-37/1975F-PDF|zF2-37/1975 |
| 100 | 1 |aTurner, John N.,|d1929- |eauteur. |
| 245 | 10|aVers un système de paiements électronique / |cprésenté par John N. Turner et Gérard Pelletier. |
| 264 | 1|a[Ottawa] : |bGouvernement du Canada = Government of Canada, |c[1975] |
| 264 | 4|c©1975 |
| 300 | |a1 ressource en ligne (27 pages) |
| 336 | |atexte|btxt|2rdacontent/fre |
| 337 | |ainformatique|bc|2rdamedia/fre |
| 338 | |aressource en ligne|bcr|2rdacarrier/fre |
| 500 | |aÉdition numérisée de l'imprimé [par Innovation, Sciences et Développement économique Canada]. |
| 500 | |aPublié aussi en anglais sous le titre : Towards an electronic payments system. |
| 650 | 6|aTransferts électroniques de fonds|zCanada. |
| 650 | 6|aMonnaie électronique|zCanada. |
| 650 | 6|aBanques|zCanada|xAutomatisation. |
| 650 | 6|aPaiement|zCanada. |
| 650 | 6|aCartes de crédit|zCanada. |
| 710 | 1 |aCanada. |bMinistère des communications, |eorganisme de publication. |
| 710 | 1 |aCanada. |bMinistère des finances, |eorganisme de publication. |
| 775 | 08|tTowards an electronic payments system / |w(CaOODSP)9.947232 |
| 856 | 40|qPDF|s1.44 Mo|uhttps://publications.gc.ca/collections/collection_2025/isde-ised/F2-37-1975-fra.pdf |